[Event "Valle Region-ch U16"]
[Site "Yumbo"]
[Date "2010.02.27"]
[Round "4.11"]
[White "Zapata, Andres Felipe"]
[Black "Rosero, Jefferson"]
[Result "0-1"]
[WhiteElo "1300"]
[BlackElo "1516"]
[PlyCount "74"]
[EventDate "2010.02.26"]
[EventType "swiss"]
[EventRounds "7"]
[EventCountry "COL"]
[SourceTitle "EXT 2024"]
[Source "ChessBase"]
[SourceDate "2023.10.10"]
[SourceVersion "1"]
[SourceVersionDate "2023.10.10"]
[SourceQuality "1"]

1. e4 c5 2. Nf3 Nc6 3. Bc4 a6 4. Nc3 e6 5. 0-0 b5 6. Bb3 c4 7. Bxc4 bxc4 8. h3 Bb7 9. d3 cxd3 10. cxd3 Nge7 11. e5 g6 12. Bg5 Bg7 13. Bxe7 Qxe7 14. d4 0-0 15. a3 f6 16. d5 Nxe5 17. Nxe5 fxe5 18. dxe6 Qxe6 19. Qd2 d5 20. Rad1 Rad8 21. Nb1 Qc6 22. Rc1 Qe6 23. Rc7 Rb8 24. Qb4 Ba8 25. Qe7 Qxe7 26. Rxe7 Rxb2 27. Rc1 Rb7 28. Rxb7 Bxb7 29. Rc7 Rb8 30. Nc3 e4 31. Ne2 Ba8 32. Kh2 Be5+ 33. g3 Bxc7 34. Nd4 Kf7 35. Kg2 Rb2 36. h4 Bb6 37. Nc6 Bxc6 0-1